| 000 | 00745nam a22001817a 4500 | ||
|---|---|---|---|
| 005 | 20120310112232.0 | ||
| 020 |
_c100.00 _a8189387138 |
||
| 035 | _aB-139198 | ||
| 037 |
_b _adpl |
||
| 082 | _a629 | ||
| 100 |
_aदवसरे,हरिकृष्ण _943688 |
||
| 245 | 1 |
_aवायुयान-राकेट-अंतरिक्षयान / _cहरिकृष्ण दवसरे |
|
| 260 |
_aदिल्ली _bसमक्ष आफसैट प्रोसेस _c2004 |
||
| 270 |
_a _b _e _k |
||
| 300 |
_a80पृ. _c22सेमी (सजिल्द) |
||
| 942 |
_adpl _cHN _k _2ddc _h629 _mदवस |
||
| 999 |
_c63950 _d63950 |
||